| 000 | 00382nam a2200157Ia 4500 | ||
|---|---|---|---|
| 008 | 230917s9999||||xx |||||||||||||| ||und|| | ||
| 040 |
_e80812 _aMAIN |
||
| 041 | _aEnglish | ||
| 082 | _a346.03 S35L | ||
| 100 | _aHeuston, R F V | ||
| 245 | 0 | _aSalmond on the law of torts | |
| 250 | _a17th ed. | ||
| 260 |
_aLondon _bSweet & Maxwell _c1977 |
||
| 300 | _axc, 629 p. | ||
| 942 | _cBK | ||
| 999 |
_c203778 _d203778 |
||